00403nam a2200145 a 45000010005000000030009000050080041000140400028000550820019000831000024001022450059001262600038001853000010002236500024002336600CO-ViMGA141112s2004 ck r 000 u spa d aCO-ViMGAbspacCO-ViMGA04a338.17375 M6571 aMontenegro, Armando10aCafe, dinero y macroeconomía en colombia : bensayos aBogotá : bTercer Mundo, c1993 a393 p14aEconomía CAFETERA